Communes au nom commun - Mort Subite (Spéciale Prénoms #1) - Statistiques

Statistiques générales
  • Ce quiz a été pris 17 fois
  • Le résultat moyen est 6 sur 20
Answers on the Grid
Answers color-coded by a green-red scale on the quiz's grid according to % correct below.
Albert
Gaël
Gilles
Josselin
Léon
Marie
Mathieu
Quincy
Suzanne
Valentine
Salomé
Romain
Nicole
Paulin
Ève
Alban
Billy
François
Raymond
Alex
Rodolphe
Casimir
Vanessa
Dominique
Myriam
Emmanuel
Léopold
Arthur
Samantha
Isidore
 
Statistiques - réponses
Réponse % Correct
Somme (80) Albert
63%
Cher (18) Quincy
63%
Landes (40) Léon
56%
Eure-et-Loir (28) Gilles
50%
Morbihan (56) Josselin
44%
Doubs (25) / Jura (39) / Marne (51) / Meurthe-et-Moselle (54) Romain
44%
Allier (03) / Loir-et-Cher (41) Billy
38%
Tarn (81) Alban
31%
Deux-Sèvres (79) François
31%
Ille-et-Vilaine (35) Gaël
31%
Alpes-Maritimes (06) Marie
25%
Dordogne (24) Paulin
25%
Nord (59) Salomé
25%
Ardennes (08) / Somme (80) Suzanne
25%
Haute-Garonne (31) Valentine
25%
Calvados (14) Mathieu
19%
Haute-Savoie (74) Alex
13%
Oise (60) Ève
13%
Lot-et-Garonne (47) Nicole
6%
Cher (18) Raymond
6%
Aucun quiz correspondant
Distribution des résultats
% des personnes avec chaque résultat
Percentile par nombre de réponses
Votre historique - résultats
Vous n’avez pas pris ce quiz